<?xml version="1.0" encoding="UTF-8"?>
<record
    xmlns:xsi="http://www.w3.org/2001/XMLSchema-instance"
    xsi:schemaLocation="http://www.loc.gov/MARC21/slim http://www.loc.gov/standards/marcxml/schema/MARC21slim.xsd"
    xmlns="http://www.loc.gov/MARC21/slim">

  <leader>01883nam a22002897a 4500</leader>
  <controlfield tag="003">OSt</controlfield>
  <controlfield tag="005">20221014124947.0</controlfield>
  <controlfield tag="008">220209s2014    ck a|||br|||| 000 j spa d</controlfield>
  <datafield tag="020" ind1=" " ind2=" ">
    <subfield code="a">9789588827254</subfield>
  </datafield>
  <datafield tag="040" ind1=" " ind2=" ">
    <subfield code="a">CO-JMCR</subfield>
    <subfield code="c">CO-JMCR</subfield>
  </datafield>
  <datafield tag="041" ind1="0" ind2=" ">
    <subfield code="a">spa</subfield>
  </datafield>
  <datafield tag="082" ind1="0" ind2="4">
    <subfield code="a">C /</subfield>
    <subfield code="b">DEAd</subfield>
  </datafield>
  <datafield tag="245" ind1="0" ind2="0">
    <subfield code="a">De animales y de ni&#xF1;os / </subfield>
    <subfield code="c">editor, Iv&#xE1;n Hern&#xE1;ndez ; ilustradoras, Olga Luc&#xED;a Garc&#xED;a y Paula Bossio</subfield>
  </datafield>
  <datafield tag="250" ind1=" " ind2=" ">
    <subfield code="a">Primera edici&#xF3;n</subfield>
  </datafield>
  <datafield tag="260" ind1=" " ind2=" ">
    <subfield code="a">Bogot&#xE1; : </subfield>
    <subfield code="b">Ministerio de Cultura, </subfield>
    <subfield code="c">2014.</subfield>
  </datafield>
  <datafield tag="300" ind1=" " ind2=" ">
    <subfield code="a">32 p&#xE1;ginas : </subfield>
    <subfield code="b">ilustraciones a color ; </subfield>
    <subfield code="c">27 cm.</subfield>
  </datafield>
  <datafield tag="490" ind1="0" ind2=" ">
    <subfield code="a">Leer es mi cuento ; </subfield>
    <subfield code="v">7</subfield>
  </datafield>
  <datafield tag="505" ind1="0" ind2=" ">
    <subfield code="t">Los caballos que no quer&#xED;an amo / </subfield>
    <subfield code="r">Miriam Eastman -- </subfield>
    <subfield code="t">Memorias de un ni&#xF1;o embustero / </subfield>
    <subfield code="r">Rafael Jaramillo Arango -- </subfield>
    <subfield code="t">Minisurumbullo y el dulce de icaco / </subfield>
    <subfield code="r">Gabriela Mercedes Arciniega -- </subfield>
    <subfield code="t">De c&#xF3;mo la familia Chimp vino a la ciudad / </subfield>
    <subfield code="r">Santiago P&#xE9;rez Triana -- </subfield>
    <subfield code="t">La Cucarachita Mart&#xED;nez / </subfield>
    <subfield code="r">Roc&#xED;o V&#xE9;lez Piedraihita</subfield>
  </datafield>
  <datafield tag="520" ind1="3" ind2=" ">
    <subfield code="a">Leer es mi cuento 7 re&#xFA;ne la historia de animales y de ni&#xF1;os que quieren cambiar sus vidas. Todas ellas fueron inventadas por escritores colombianos que creen que la vida de los ni&#xF1;os puede cambiar de una manera muy sencilla: basta con que se aficionen a leer libros que ense&#xF1;en a pasarla bien. Y es que un libro con historias que nos hacen re&#xED;r o que nos hacen llorar es el mejor medicamento, el m&#xE1;s eficaz contra un terrible mal que muchos padecen y que es muy contagioso: el aburrimiento. Para combatirlo, en las bibliotecas de su bario y de su municipio usted hallar&#xE1; cientos, miles de libros como este que lo divertir&#xE1;n.</subfield>
  </datafield>
  <datafield tag="650" ind1="1" ind2="4">
    <subfield code="a">Animales en la literatura.</subfield>
  </datafield>
  <datafield tag="650" ind1="2" ind2="4">
    <subfield code="a">Historias de aventuras.</subfield>
  </datafield>
  <datafield tag="650" ind1="2" ind2="4">
    <subfield code="a">Cuentos infantiles colombianos.</subfield>
  </datafield>
  <datafield tag="700" ind1="1" ind2=" ">
    <subfield code="a">Hern&#xE1;ndez, Iv&#xE1;n, </subfield>
    <subfield code="e">editor</subfield>
    <subfield code="9">8307</subfield>
  </datafield>
  <datafield tag="700" ind1="1" ind2=" ">
    <subfield code="a">Garc&#xED;a, Olga Lucia, </subfield>
    <subfield code="e">ilustradora</subfield>
    <subfield code="9">40435</subfield>
  </datafield>
  <datafield tag="700" ind1="1" ind2=" ">
    <subfield code="a">Bossio, Paula, </subfield>
    <subfield code="e">ilustradora</subfield>
    <subfield code="9">41931</subfield>
  </datafield>
  <datafield tag="942" ind1=" " ind2=" ">
    <subfield code="2">ddc</subfield>
    <subfield code="c">BK</subfield>
  </datafield>
  <datafield tag="999" ind1=" " ind2=" ">
    <subfield code="c">15827</subfield>
    <subfield code="d">15827</subfield>
  </datafield>
  <datafield tag="952" ind1=" " ind2=" ">
    <subfield code="0">0</subfield>
    <subfield code="1">0</subfield>
    <subfield code="2">ddc</subfield>
    <subfield code="4">0</subfield>
    <subfield code="7">0</subfield>
    <subfield code="8">FIC</subfield>
    <subfield code="a">CPL</subfield>
    <subfield code="b">CPL</subfield>
    <subfield code="c">CHILD</subfield>
    <subfield code="d">2022-02-09</subfield>
    <subfield code="e">Donaci&#xF3;n</subfield>
    <subfield code="l">6</subfield>
    <subfield code="m">1</subfield>
    <subfield code="o">C / DEAd</subfield>
    <subfield code="p">201811384</subfield>
    <subfield code="r">2025-10-23 10:46:45</subfield>
    <subfield code="s">2025-10-23</subfield>
    <subfield code="t">Ej.1</subfield>
    <subfield code="w">2022-02-09</subfield>
    <subfield code="y">BK</subfield>
  </datafield>
</record>
